| Tag |
First Indicator |
Second Indicator |
Subfields |
| LEADER |
00000cam a2200000 a 4500 |
| 001 |
in00001402322 |
| 005 |
20151020054133.0 |
| 008 |
970701s1998 nyuab b 001 0 eng |
| 010 |
|
|
|a 97024114
|
| 020 |
|
|
|a 0195105354 (acid-free paper)
|
| 020 |
|
|
|a 0195105362 (pbk. : acid-free paper)
|
| 035 |
|
|
|a (OCoLC)37277507
|
| 035 |
|
|
|9 AHN0514AM
|
| 040 |
|
|
|a DLC
|c DLC
|d TXA
|d UtOrBLW
|
| 043 |
|
|
|a cl-----
|
| 049 |
|
|
|a TXAM
|
| 050 |
0 |
0 |
|a F1412
|b .B96 1998
|
| 082 |
0 |
0 |
|a 980/.013
|2 21
|
| 100 |
1 |
|
|a Burkholder, Mark A.,
|d 1943-
|
| 245 |
1 |
0 |
|a Colonial Latin America /
|c Mark A. Burkholder, Lyman L. Johnson.
|
| 250 |
|
|
|a 3rd ed.
|
| 264 |
|
1 |
|a New York :
|b Oxford University Press,
|c 1998.
|
| 300 |
|
|
|a viii, 376 pages :
|b illustrations, maps ;
|c 25 cm.
|
| 336 |
|
|
|a text
|b txt
|2 rdacontent
|
| 337 |
|
|
|a unmediated
|b n
|2 rdamedia
|
| 338 |
|
|
|a volume
|b nc
|2 rdacarrier
|
| 504 |
|
|
|a Includes bibliographical references and index.
|
| 651 |
|
0 |
|a Latin America
|x History
|y To 1830.
|
| 700 |
1 |
|
|a Johnson, Lyman L.
|
| 948 |
|
|
|a c:dm
|
| 999 |
|
|
|a MARS
|
| 999 |
f |
f |
|s dcc314c9-1cfa-3f43-8e50-abd01357a139
|i be9e6464-37a9-3b6c-aaf1-b0300b0385ef
|t 0
|
| 952 |
f |
f |
|p ric
|a Texas A&M University
|b Rellis Campus
|c Joint Library Facility
|d Remote Storage
|t 0
|e F1412 .B96 1998
|h Library of Congress classification
|i unmediated -- volume
|m A14823437477
|
| 998 |
f |
f |
|a F1412 .B96 1998
|t 0
|l Remote Storage
|